| 000 | 01272cam a2200337 a 4500 | ||
|---|---|---|---|
| 001 | 2508 | ||
| 005 | 20231213134838.0 | ||
| 020 | _a9781416911647 (hardcover) | ||
| 020 | _a9780545236881 | ||
| 040 |
_aDLC _cDLC _dDLC _beng |
||
| 050 | 0 | 0 |
_aPZ7.L1413 _bSse 2008 |
| 082 | 0 | 0 |
_a454 _222 |
| 100 | 1 | _aLaFaye, A. | |
| 245 | 1 | 0 |
_aStella stands alone / _cA. LaFaye |
| 250 | _aFirst Scholastic printing, February 2010 | ||
| 260 |
_aNew York : _bScholastic, _c2008 |
||
| 300 |
_a245 pages : _c22 cm |
||
| 505 | _aV | ||
| 520 | _aFourteen-year-old Stella, orphaned just after the Civil War, fights to keep her family's plantation and fulfill her father's desire to turn land over to the people who have worked on it for generations, but first she must find her father's hidden deed and will. | ||
| 521 |
_a850 _bLexile |
||
| 521 |
_aV _bRaz-Plus |
||
| 650 | 0 |
_aReconstruction (U.S. history, 1865-1877) _vJuvenile fiction. |
|
| 650 | 1 |
_aReconstruction (U.S. history, 1865-1877) _vFiction. |
|
| 650 | 1 |
_aSwindlers and swindling _vFiction. |
|
| 650 | 1 |
_aOrphans _vFiction. |
|
| 650 | 1 |
_aConduct of life _vFiction. |
|
| 650 | 1 |
_aFreed persons _vFiction. |
|
| 650 | 1 |
_aAfrican Americans _vFiction. |
|
| 906 |
_a7 _bcbc _corignew _d1 _eecip _f20 _gy-gencatlg |
||
| 942 |
_2ddc _cBK _n0 |
||
| 999 |
_c2508 _d2508 |
||